LEADER 01099nam0-22003491i-450- 001 990003093790403321 010 $a0-03-063059-2 035 $a000309379 035 $aFED01000309379 035 $a(Aleph)000309379FED01 035 $a000309379 100 $a20000920d1983----km-y0itay50------ba 101 0 $aita 102 $aIT 200 1 $aIBM and the U.S. Data Processing Industry$eAn Economic History$fFranklin M. Fisher, James W.McKie, Richard B.Mancke. 210 $aNew York$cFrederick A. Praeger$d1983. 215 $aXII, 532 p.$d24 cm 225 1 $aPraeger Studies in Select basic Industries 610 0 $aIBM$aStoria 610 0 $aIndustria elettronica$aStati Uniti e Giappone 676 $aH/2.2243 700 1$aFisher,$bFranklin M.$f<1934 >$0101762 701 1$aMancke,$bRichard B.$0123624 701 1$aMcKie,$bJames W.$0123625 801 0$aIT$bUNINA$gRICA$2UNIMARC 901 $aBK 912 $a990003093790403321 952 $aH/2.2243 FIS$b725$fSES 959 $aSES 996 $aIBM and the U.S. Data Processing Industry$9459177 997 $aUNINA DB $aING01 LEADER 01596nam2 2200385 i 450 001 CFI0120863 005 20251003044123.0 010 $a8815012648 020 $aIT$b91-1199 100 $a19970110d1987 ||||0itac50 ba 101 | $aita 102 $ait 181 1$6z01$ai $bxxxe 182 1$6z01$an 200 1 $a1$eˆLe ‰origini degli Stati Uniti$fBernard Bailyn, Gordon S. Wood 210 $aBologna$cIl mulino$d1987 215 $a446 p., [8] c. di tav.$cill.$d22 cm 225 | $aˆLe ‰vie della civiltà 300 $aEd. italiana a cura di Tiziano Bonazzi 300 $aTrad. di Rinaldo Falcioni, Davide Panzieri. 410 0$1001CFI0025045$12001 $aˆLe ‰vie della civiltà 461 1$1001CFI0109319$12001 $aStoria degli Stati Uniti d'America$v1 606 $aStati Uniti d'America$xStoria$2FIR$3CFIC021577$9E 606 $aStati Uniti d'America$xStoria$xOrigini$2FIR$3LO1C012138$9I 676 $a973$9STORIA. STATI UNITI D'AMERICA$v21 676 $a973$9STORIA. STATI UNITI$v23 700 1$aBailyn$b, Bernard$3CFIV074474$4070$0133582 701 1$aWood$b, Gordon S.$3CFIV074475$4070$0129106 801 3$aIT$bIT-000000$c19970110 850 $aIT-BN0095 $aIT-NA0079 $aIT-NA0261 $aIT-AV0045 912 $aCFI0120863 950 2$aBiblioteca Centralizzata di Ateneo$cv. 1; 3;$d 01POZZO LIB.ECON MON 6479$e 0101 0070077705E VMA (0001 1 v. (Precedente collocazione: 7 EC 778)$fB $h20220715$i20220715 977 $a 01$a BN$a FT$a MV 996 $a1$92898929 997 $aUNISANNIO